Использование анатомо-морфологических особенностей аномалий зубов у граждан Центральной России, Поволжья, Северного Кавказа и Закавказья для идентификации личности (Запись № 11069362)

Подробности
000 -МАРКЕР
контрольное поле 02630nam0a2200361 i 4500
001 - ИДЕНТИФИКАТОР ЗАПИСИ
контрольное поле RU\NLR\BIBL_A\011319475
005 - ИДЕНТИФИКАТОР ВЕРСИИ
контрольное поле 20241102084708.0
010 ## - МЕЖДУНАРОДНЫЙ СТАНДАРТНЫЙ НОМЕР КНИГИ (ISBN)
Номер (ISBN) 9785903416639
Тираж 100
021 ## - НОМЕР ГОСУДАРСТВЕННОЙ РЕГИСТРАЦИИ
Код страны Российская Федерация
Номер 2016-102188
Номер Листа государственной регистраци 6802
035 ## - ДРУГИЕ СИСТЕМНЫЕ НОМЕРА
Идентификатор записи (NLR Aleph) 011319475
100 ## - ДАННЫЕ ОБЩЕЙ ОБРАБОТКИ
Данные общей обработки 20170202d2016 k y0rusy50 ca
101 0# - ЯЗЫК РЕСУРСА
Язык текста, звукозаписи и т.д. русский
102 ## - СТРАНА ПУБЛИКАЦИИ ИЛИ ПРОИЗВОДСТВА
Страна публикации Российская Федерация
105 ## - ПОЛЕ КОДИРОВАННЫХ ДАННЫХ: ТЕКСТОВЫЕ МАТЕРИАЛЫ, МОНОГРАФИЧЕСКИЕ
Кодированные данные о монографическом текстовом документе a z 000zy
200 1# - ЗАГЛАВИЕ И СВЕДЕНИЯ ОБ ОТВЕТСТВЕННОСТИ
Основное заглавие Использование анатомо-морфологических особенностей аномалий зубов у граждан Центральной России, Поволжья, Северного Кавказа и Закавказья для идентификации личности
Сведения, относящиеся к заглавию монография
Первые сведения об ответственности М.Т. Саидов, А.И. Манин, Е.Х. Баринов, М.С. Бишарян
Последующие сведения об ответственности ГБОУ ВПО "Моск. гос. медико-стоматол. ун-т им. А.И. Евдокимова" Минздрава России
210 ## - ПУБЛИКАЦИЯ, РАСПРОСТРАНЕНИЕ И ДР.
Место издания, распространения и т.д. Москва
Имя издателя, распространителя и т. д. ЮрИнфоЗдрав
Дата издания, распространения и т.д. 2016
215 ## - ФИЗИЧЕСКАЯ ХАРАКТЕРИСТИКА
Специфическое обозначение материала и объем 143 с.
Другие сведения о физической характеристике ил.
Размеры 20
300 ## - ОБЩИЕ ПРИМЕЧАНИЯ
Текст примечания На обороте тит. л. авт.: М.Т. Саидов - к.м.н., врач-стоматолог, А.И. Манин - к.м.н., доц., Е.Х. Баринов - Заслуж. работник науки и образования РАЕ, д.м.н., проф., д.чл. Междунар. Акад. Естествознания, М.С. Бишарян - д.м.н., проф.
320 ## - ПРИМЕЧАНИЯ О НАЛИЧИИ В ДОКУМЕНТЕ БИБЛИОГРАФИИ / УКАЗАТЕЛЯ
Текст примечания Библиогр.: с. 111-142 (372 назв.)
606 1# - НАИМЕНОВАНИЕ ТЕМЫ КАК ПРЕДМЕТ
Наименование темы Идентификация личности по зубам
Тематический подзаголовок Судебно-медицинская экспертиза
Географический подзаголовок Армения, Республика
Системный номер авторитетной/нормативной записи 2134863
Идентификатор авторитетной/нормативной записи RU\NLR\AUTH\661591736
606 1# - НАИМЕНОВАНИЕ ТЕМЫ КАК ПРЕДМЕТ
Наименование темы Идентификация личности по зубам
Тематический подзаголовок Судебно-медицинская экспертиза
Географический подзаголовок Дагестан, Республика
Системный номер авторитетной/нормативной записи 2315843
Идентификатор авторитетной/нормативной записи RU\NLR\AUTH\6601611019
606 1# - НАИМЕНОВАНИЕ ТЕМЫ КАК ПРЕДМЕТ
Наименование темы Идентификация личности по зубам
Тематический подзаголовок Судебно-медицинская экспертиза
Географический подзаголовок Российская Федерация
Системный номер авторитетной/нормативной записи 2283604
Идентификатор авторитетной/нормативной записи RU\NLR\AUTH\6601596062
686 1# - ИНДЕКСЫ ДРУГИХ КЛАССИФИКАЦИЙ
Индекс Р811.435
686 1# - ИНДЕКСЫ ДРУГИХ КЛАССИФИКАЦИЙ
Индекс Р11(2)062.66
700 #1 - ИМЯ ЛИЦА - ПЕРВИЧНАЯ ОТВЕТСТВЕННОСТЬ
Начальный элемент ввода Манин
Часть имени, кроме начального элемента ввода А. И.
Расширение инициалов личного имени Александр Игоревич
701 #1 - ИМЯ ЛИЦА - АЛЬТЕРНАТИВНАЯ ОТВЕТСТВЕННОСТЬ
Начальный элемент ввода Саидов
Часть имени, кроме начального элемента ввода М. Т.
Расширение инициалов личного имени Марат Тажудинович
701 #1 - ИМЯ ЛИЦА - АЛЬТЕРНАТИВНАЯ ОТВЕТСТВЕННОСТЬ
Начальный элемент ввода Баринов
Часть имени, кроме начального элемента ввода Е. Х.
Даты 1961-
Расширение инициалов личного имени Евгений Христофорович
Системный номер авторитетной/нормативной записи 150922
Идентификатор авторитетной/нормативной записи RU\NLR\AUTH\770150959
701 #1 - ИМЯ ЛИЦА - АЛЬТЕРНАТИВНАЯ ОТВЕТСТВЕННОСТЬ
Начальный элемент ввода Бишарян
Часть имени, кроме начального элемента ввода М. С.
Расширение инициалов личного имени Мгер Спандарович
942 ## - ДОПОЛНИТЕЛЬНЫЕ ЭЛЕМЕНТЫ ЗАПИСИ (АБИС)
Тип экземпляра АБИС Книга
980 ## - КОЛЛЕКЦИЯ
Название коллекции НБР

Нет доступных экземпляров.